Geography Quiz

Random Geography or Asia Quiz

The Saudi Arabia Quiz Stats

 Plays Quiz Updated Jul 6, 2017

Support Sporcle.
Go Orange.
Score 0/50 Timer 07:00
3 Plays Today
Hint Answer % Correct
Flag ColorGreen
94%
Flag ColorWhite
93%
Internet Code.sa
92.2%
Nationality (Demonym)Saudi Arabian
87.8%
Majority Ethnic GroupArab
87.5%
State ReligionSunni Islam
81.7%
Bordering CountryYemen
81.3%
Bordering CountryOman
80.6%
Bordering CountryUnited Arab Emirates
79.9%
Bordering CountryIraq
79.6%
Official LanguageArabic
78.2%
Bordering CountryQatar
76.9%
Drives on the...Right
76%
Bordering CountryKuwait
75.7%
Capital and Largest CityRiyadh
75.7%
Bordering SeaRed Sea
75.5%
ContinentAsia
75.1%
Bordering CountryJordan
74.2%
Age of Suffrage21
71.3%
Official NameKingdom of Saudi Arabia
70.8%
Main ExportCrude Oil
68.3%
Third Largest CityMecca
68%
Symbol on FlagSword
62.7%
al-Qaeda Founder Stripped of NationalityOsama bin Laden
60.3%
Fourth Largest CityMedina
50.5%
Hint Answer % Correct
Number of Regions13
49.6%
Main Export Partner (13.2%)China
45.1%
Second Largest CityJeddah
43.5%
Bordering SeaPersian Gulf
39.9%
Population (approx. in millions)32,900,000
36.1%
Plant on National EmblemPalm tree
35.7%
Year of UN Admittance1945
28.5%
CurrencySaudi Riyal
28.2%
KingSalman bin Abdulaziz
28.2%
Type of GovernmentAbsolute Monarchy
28%
Year of Kingdom Unification1932
25%
Time ZoneAST (UTC+3)
22.7%
Royal FamilyAl Saud
21.6%
Minority Ethnic GroupAfro-Asian
17%
Crown PrinceMohammad bin Salman
15.9%
Creed on FlagShahada
15.8%
ConstitutionQur'an
14.3%
Olympic Medal-winning SportAthletics and Equestrian
12.1%
Calling Code+966
10.9%
Largest Region by AreaEastern Region
9.8%
Tallest Building (601 m)Makkah Royal Clock Tower
7.2%
Only Non-Desert Region'Asir
6.4%
Name Before UnificationKingdom of Hejaz and Nejd
5.3%
Highest Point (3,133 m)Jabal Sawda
4.9%
National AnthemLong Live Our Beloved King
4.8%

You're not logged in!

Compare scores with friends on all Sporcle quizzes.
OR
Log In
Forgot?

From the Vault

Is It the Right Season?

by sproutcm

Have a nice trip! See you next fall!
Remove Ads.
Support Sporcle.
Get the best of Sporcle when you Go Orange. This ad-free experience offers more features, more stats, and more fun while also helping to support Sporcle. Thank you for becoming a member.

Show Comments

Extras

Top Quizzes Today


Score Distribution

Your Account Isn't Verified!

In order to create a playlist on Sporcle, you need to verify the email address you used during registration. Go to your Sporcle Settings to finish the process.

Report this User

Report this user for behavior that violates our Community Guidelines.

Details: